LEADER 01482nam 2200457Ia 450 001 9910711119303321 005 20180711120953.0 024 8 $aGOVPUB-C13-5f6eb3c7714de5ac950991caf97b7807 035 $a(CKB)5470000002480821 035 $a(OCoLC)959982234 035 $a(OCoLC)995470000002480821 035 $a(EXLCZ)995470000002480821 100 $a20161006d1963 ua 0 101 0 $aeng 181 $ctxt$2rdacontent 182 $cc$2rdamedia 183 $acr$2rdacarrier 200 10$aExperimental fires in enclosures C.I.B. test results /$fDaniel Gross 210 1$aGaithersburg, MD :$cU.S. Dept. of Commerce, National Institute of Standards and Technology,$d1963. 215 $a1 online resource 225 1 $aNBS report ;$v8131 300 $a1963. 300 $aContributed record: Metadata reviewed, not verified. Some fields updated by batch processes. 300 $aTitle from PDF title page. 320 $aIncludes bibliographical references. 606 $aFire testing 606 $aFire testing$2fast 615 0$aFire testing. 615 7$aFire testing. 700 $aGross$b Daniel$0594468 701 $aGross$b Daniel$0594468 712 02$aUnited States.$bNational Bureau of Standards. 801 0$bNBS 801 1$bNBS 801 2$bOCLCO 801 2$bOCLCF 801 2$bOCLCQ 906 $aBOOK 912 $a9910711119303321 996 $aExperimental fires in enclosures C.I.B. test results$93538343 997 $aUNINA LEADER 00904nam0 22002531i 450 001 UON00200123 005 20250625121136.366 100 $a20030730g19261931 |0itac50 ba 101 $aeng 102 $aGB 105 $a|||| ||||| 200 1 $aˆA ‰ History of England$fHilaire Belloc 210 $aLondon$cMethuen & Co.$d1926-1931 215 $avol. 4$dLXII, 1617 p.$d22 cm. 606 $aInghilterra$xStoria$3UONC065306$2FI 620 $aGB$dLondon$3UONL003044 700 1$aBelloc$bHilaire$3UONV118759$0438772 712 $aMethuen & Co.$3UONV247855$4650 801 $aIT$bSOL$c20250627$gRICA 899 $aSIBA - SISTEMA BIBLIOTECARIO DI ATENEO$2UONSI 912 $aUON00200123 950 $aSIBA - SISTEMA BIBLIOTECARIO DI ATENEO$dSI BIB D 0008 $eSI MR 18007 7 0008 996 $aHistory of England$91254934 997 $aUNIOR